000 00574nam a2200229 a 4500
001 nice12345678
003 IN_TiNIC
005 20260116011655.0
008 050524s1904 lona grp 000 0 eng
020 _a
_c100
082 0 0 _a294.59218
_bCLS
245 _aSelections from the Upanishads
260 _aLondon & Madras
_bChristian Lit. Society
_c1904
300 _a112p
500 _aincludes index and biblioraphy
505 2 _aGlo. Index
650 _aUpanishads
710 2 _aChristian Literature Society
902 _bSRS
942 _cBK
999 _c3314
_d3314